| 000 | 01516nam0a2200361 4500 | ||
|---|---|---|---|
| 001 | RU\NLR\bibl\157378 | ||
| 005 | 20250618052620.0 | ||
| 010 |
_a5-93545-005-4 _95000 |
||
| 021 |
_aRU _b2001-4034 _9202 |
||
| 035 | _a(NLR Aleph) 000154352 | ||
| 090 |
_a886482 _c886482 |
||
| 100 | _a20010326d2000 |||y0rusy50 ca | ||
| 101 | 0 | _arus | |
| 102 | _aRU | ||
| 105 | _aa ||||||||| | ||
| 200 | 1 |
_aПогрузочно-разгрузочные машины _e[Учеб. для студентов вузов ж.-д. трансп.] _fИ.И. Мачульский |
|
| 210 |
_aМ. _cЖелдориздат _d2000 |
||
| 215 |
_a473, [1] с., [2] л. ил. _cил. _d20 |
||
| 320 | _aБиблиогр.: с. 470 (13 назв.) | ||
| 606 | 0 |
_aПогрузочно-разгрузочные механизмы _jРуководства, пособия и т.п. для высшей школы _91237354 _3RU\NLR\auth\66187599 |
|
| 606 | 0 |
_aПогрузочно-разгрузочные механизмы _jУчебные издания для высшей школы _91237354 _3RU\NLR\auth\66187599 |
|
| 610 | 0 | _aПогрузочно-разгрузочные машины | |
| 675 |
_a656.212.6(075.8) _v3 _zrus |
||
| 686 |
_a73.29 _2rugasnti |
||
| 686 |
_a39.9я73 _2rubbk |
||
| 686 | _aО95я73-1 | ||
| 700 | 1 |
_aМачульский _gИгорь Иванович _4070 |
|
| 801 | 0 |
_aRU _bRKP _c20010326 _gPSBO |
|
| 801 | 1 |
_aRU _bRKP _c20010326 |
|
| 801 | 2 |
_aRU _bNLR _c20010614 _grcr |
|
| 942 | _cBOOK | ||
| 980 | _aNB | ||